American foreign policy since world war II (Registro nro. 88026)

Detalles MARC
000 -ENCABEZADO
Número de control [NR] 01084nam a22002057a 4500
008 - DE LONGITUD FIJA DE DATOS DE ELEMENTOS - INFORMACIÓN GENERAL
Elementos de longitud fija [NR] 130821s1971 xxu gr eng
020 ## - NUMERO INTERNACIONAL NORMALIZADO PARA LIBROS [R]
Número Internacional Normalizado del libro [NR] 017712072X
040 ## - FUENTE DE CATALOGACION [NR]
Agencia de catalogación original [NR] Co-BoUCM
Idioma de catalogación [NR] spa
041 00 - CODIGO DE IDIOMA [R]
Código de idioma para texto/pista de sonido o título separado [R] Inglés
100 1# - ASIENTO PRINCIPAL--NOMBRE PERSONAL [NR]
Nombre personal [NR] Spanier, John W.
245 10 - MENCION DE TITULO [NR]
Título [NR] American foreign policy since world war II
Mención de responsabilidad, etc. [NR] John Spanier.
250 ## - MENCION DE EDICION [NR]
Mención de edición [NR] 4th ed.
260 ## - PUBLICACION, DISTRIBUCION, ETC. (PIE DE IMPRENTA) [R]
Lugar de publicación, distribución, etc. [R] Chicago (Illinois, estados Unidos)
Nombre del editor, distribuidor, etc. [R] Holt,Rinehart and Winston
Fecha de publicación, distribución, etc. [R] 1971
300 ## - DESCRIPCION FISICA [R]
Extensión [R] 318 páginas
505 ## - NOTA DE CONTENIDO CON FORMATO PREESTABLECIDO [R]
Nota de contenido con formato preestablecido [NR] The american approach to foreign policy. The beginning of the cold war. Containment in Europe. Containment in the Far East. The strategy of frontiersmanship. Berlin, Cuba and the crisis of massive retaliation. The tird world during the cold war years. Vietnam and the collapse of containment. From cold war to Détente. Conflict with and in the third world. Reagan and cold war II. Containment: a reappraisal. Index.
650 04 - ASIENTO SECUNDARIO DE MATERIA - TERMINO TEMATICO [R]
Término temático o nombre geográfico como elemento de entrada [NR] Política internacional
Subdivisión cronológica [R] 1945
9 (RLIN) 21990
651 #7 - ASIENTO SECUNDARIO DE MATERIA - NOMBRE GEOGRAFICO [R]
Nombre geográfico [NR] Estados Unidos
Geographic name following place entry element [OBSOLETE] Relaciones internacionales
-- 1945-
9 (RLIN) 7595
942 ## - ELEMENTOS DE ENTRADA AGREGADOS (KOHA)
Tipo de ítem principal el descrito en 300a Libro
Tema principal Ciencia política
Edición 4
Parte restante de la signatura top. S615
Sistema de clasificación DEWEY
Clasificación 327.73
Existencias
Total préstamos Signatura topográfica Código de barras Última vez visto Ejemplar Price effective from Tipo de ítem Perdido Sistema de clasificación Dañado No prestable Tipo de ítem específico Suprimido Ubicación habitual Ubicación actual Localización Fecha de creación Forma de adquisición Costo
  327.73 S615 3000047 15/12/2012 Ej.1 03/02/2013 Libro   DEWEY     Libro     Bib. Cavelier Acavalier 19/02/2013   0.00